|
|
|
|
| LEADER |
00000nam a22000007a 4500 |
| 005 |
2016012100420.0 |
| 007 |
cr|||| ||u| |
| 008 |
160121s20112014ck ar|pos|||| 0||| 1spa d |
| 022 |
|
|
|a 224841-16
|
| 035 |
|
|
|a 13034
|
| 040 |
|
|
|a vLex
|
| 090 |
|
|
|c 5811
|d 5811
|
| 245 |
1 |
0 |
|a Cuadernos de la Maestra̕ en Derecho
|h [Recurso electrn̤ico] /
|c Universidad Sergio Arboleda
|
| 256 |
|
|
|a Servicio en ln̕ea
|
| 260 |
|
|
|a Colombia
|b Universidad Sergio Arboleda
|c 2014
|
| 300 |
|
|
|a 1 recurso electrn̤ico
|
| 310 |
|
|
|a Anual
|
| 506 |
|
|
|a Contenido solo disponible en los productos indicados
|d vLex Global
|d vLex Global (Academic Edition, excluding Law Schools)
|d vLex Global (U.S. Academic Edition, Law Schools)
|d vLex Global (U.S. Academic Edition, excluding Law Schools)
|d vLex Global (Academic Edition, Law Schools)
|
| 650 |
0 |
4 |
|a Derecho
|z Colombia
|
| 710 |
|
|
|a Universidad Sergio Arboleda
|
| 740 |
0 |
|
|a vLex revista (servicio en ln̕ea)
|
| 856 |
4 |
0 |
|u http://vlex.com/source/cuadernos-maestria-derecho-13034
|z Acceso restringido
|
| 942 |
|
|
|c REV
|
| 999 |
0 |
|
|a Law
|